听不懂人话的家伙,搞不好是只鳄鱼?:说话不带刺、互动更省力的愉悦沟通法 (Record no. 322882)

000 -LEADER
fixed length control field 00498 a2200157 4500
020 ## - ISBN
ISBN 9789861375052
082 ## - 索书号 Call Number
分类号Classification number 177.1
作者号 Author number 6370
100 ## - 作者
作者 莉恩娜.斯库格霍姆 Lena Skogholm 著
245 ## - 书名 TITLE
书名Title 听不懂人话的家伙,搞不好是只鳄鱼?:说话不带刺、互动更省力的愉悦沟通法
250 ## - 版本 EDITION STATEMENT
版本叙述 Edition statement 初版;平装
260 ## - 出版项PUBLICATION, DISTRIBUTION, ETC. (IMPRINT)
出版社 Name of publisher 究竟出版社股份有限公司
出版日期 Date of publication 2026
出版地 Place of publication 台北市
300 ## - 稽核项 PHYSICAL DESCRIPTION
页数 Number of Pages 302页
尺寸 Dimensions 21公分
500 ## - 一般附注 GENERAL NOTE
附注 General note
700 ## - ADDED ENTRY--PERSONAL NAME
第二作者 / 译者 / 绘者 吴郁芸 译
942 ## - ADDED ENTRY ELEMENTS (KOHA)
Koha item type Books
Holdings
Source of classification or shelving scheme Not for loan Permanent Location Current Location Shelving location Date acquired Source of acquisition Cost, normal purchase price Full call number Barcode Cost, replacement price Koha item type
    LIBRARY CHUNG HWA HIGH SCHOOL MUAR LIBRARY CHUNG HWA HIGH SCHOOL MUAR 1 哲学(二楼 A~B) 2026-03-25 63.60 177.1 6370 050314 127.20 Books

Powered by Koha